[Event "19. Obert Int. Sant Marti 2017 - B"]
[Site "Barcelona ESP"]
[Date "2017.07.15"]
[Round "3.8"]
[White "Rios Torondell, Jaume"]
[Black "Anjali, R. Sagar"]
[Result "1-0"]
[WhiteElo "1881"]
[BlackElo "1724"]
[PlyCount "77"]
[EventDate "2017.07.13"]
[EventType "swiss"]
[EventRounds "9"]
[EventCountry "ESP"]
[SourceTitle "Ajedrez en Madrid"]
[Source "lmi"]
[SourceDate "2017.07.13"]
[SourceVersion "1"]
[SourceVersionDate "2019.06.21"]
[SourceQuality "1"]

1. g4 d5 2. Bg2 Bxg4 3. c4 e6 4. Qb3 Qc8 5. cxd5 e5 6. Nf3 Bd6 7. Nc3 Na6 8. d4
exd4 9. Nxd4 Nc5 10. Qc2 a6 11. b4 Bh3 12. Bxh3 Qxh3 13. bxc5 Bxc5 14. Be3
O-O-O 15. Qf5+ Qxf5 16. Nxf5 Bb4 17. Bd2 g6 18. Ne3 Nf6 19. Rb1 Ba5 20. Nc4
Rxd5 21. Nxd5 Bxd2+ 22. Nxd2 Nxd5 23. Rb3 Re8 24. e3 f5 25. O-O f4 26. e4 Nf6
27. f3 Re5 28. Nc4 Rc5 29. Nb2 Nd7 30. Nd3 Rc2 31. Rf2 Rc4 32. Nxf4 Nc5 33. Re3
Rc1+ 34. Kg2 Rd1 35. Nd5 Nd3 36. Rf1 Rd2+ 37. Kg3 c5 38. Nb6+ Kc7 39. Nc4 1-0

[Event "19. Obert Int. Sant Marti 2017 - B"]
[Site "Barcelona ESP"]
[Date "2017.07.15"]
[Round "3.9"]
[White "Mahi, Amit Doshi"]
[Black "Hinarejos Montano, Andres"]
[Result "1-0"]
[WhiteElo "1268"]
[BlackElo "1607"]
[PlyCount "69"]
[EventDate "2017.07.13"]
[EventType "swiss"]
[EventRounds "9"]
[EventCountry "ESP"]
[SourceTitle "Ajedrez en Madrid"]
[Source "lmi"]
[SourceDate "2017.07.13"]
[SourceVersion "1"]
[SourceVersionDate "2019.06.21"]
[SourceQuality "1"]

1. d4 d5 2. c4 c6 3. Nf3 e6 4. e3 Be7 5. b3 Nf6 6. Bd3 h6 7. O-O O-O 8. Bb2
Nbd7 9. Nc3 Nh7 10. Qc2 f5 11. Rad1 Qe8 12. cxd5 cxd5 13. Nb5 Qf7 14. Ne5 Nxe5
15. dxe5 a6 16. Nd4 Rd8 17. f3 Ng5 18. e4 f4 19. exd5 Rxd5 20. h4 Nh3+ 21. gxh3
Bxh4 22. Bh7+ Kh8 23. Bg6 Qe7 24. Qg2 Bg3 25. Nf5 Qg5 26. Nxg3 Qxg6 27. Ne4 Qf7
28. Nd6 Qe7 29. Rxd5 exd5 30. Qg6 Be6 31. Nf5 Qd7 32. Nh4 Rg8 33. Kh1 Bf7 34.
e6 Bxe6 35. Qxh6# 1-0

[Event "19. Obert Int. Sant Marti 2017 - B"]
[Site "Barcelona ESP"]
[Date "2017.07.15"]
[Round "3.10"]
[White "Siludakis, Hernan"]
[Black "Alcala Gonzalez, Cesar"]
[Result "1-0"]
[WhiteElo "1874"]
[BlackElo "1557"]
[PlyCount "57"]
[EventDate "2017.07.13"]
[EventType "swiss"]
[EventRounds "9"]
[EventCountry "ESP"]
[SourceTitle "Ajedrez en Madrid"]
[Source "lmi"]
[SourceDate "2017.07.13"]
[SourceVersion "1"]
[SourceVersionDate "2019.06.21"]
[SourceQuality "1"]

1. e4 c5 2. Nc3 Nc6 3. g3 g6 4. Bg2 Bg7 5. d3 d6 6. Be3 e6 7. Qd2 Nge7 8. Bh6
O-O 9. h4 Bxh6 10. Qxh6 Kh8 11. h5 Ng8 12. Qd2 Nf6 13. Nf3 d5 14. e5 Ng8 15.
O-O-O Kg7 16. Rh2 h6 17. hxg6 fxg6 18. Rdh1 g5 19. Rh5 Nce7 20. Nb5 a6 21. Nd6
Nf5 22. Nxf5+ Rxf5 23. Nh2 Qf8 24. Ng4 Kg6 25. c4 d4 26. Be4 Rb8 27. Nxh6 Nxh6
28. Qxg5+ Kf7 29. Bxf5 1-0

[Event "19. Obert Int. Sant Marti 2017 - B"]
[Site "Barcelona ESP"]
[Date "2017.07.15"]
[Round "3.11"]
[White "Pena Mor, David"]
[Black "Rodriguez Isern, Bernat"]
[Result "0-1"]
[WhiteElo "1764"]
[BlackElo "1864"]
[PlyCount "76"]
[EventDate "2017.07.13"]
[EventType "swiss"]
[EventRounds "9"]
[EventCountry "ESP"]
[SourceTitle "Ajedrez en Madrid"]
[Source "lmi"]
[SourceDate "2017.07.13"]
[SourceVersion "1"]
[SourceVersionDate "2019.06.21"]
[SourceQuality "1"]

1. e4 e5 2. Nf3 Nc6 3. Bb5 Bc5 4. O-O Qf6 5. c3 Nge7 6. Re1 O-O 7. d4 exd4 8.
Bg5 Qg6 9. Bxe7 Nxe7 10. cxd4 Bb4 11. Nc3 d6 12. Re3 Bg4 13. Be2 Nc6 14. d5
Bxf3 15. Rxf3 Ne5 16. Rg3 Qf6 17. Qb3 Bc5 18. Rf1 Rab8 19. Kh1 Qf4 20. Qd1 f5
21. exf5 Rxf5 22. Bd3 Rf6 23. Ne4 Rh6 24. Nxc5 dxc5 25. Qe2 Rf8 26. Qe4 Nxd3
27. Qxd3 a6 28. h3 Qd6 29. Kg1 Rh5 30. Qc3 g6 31. Re1 Rxd5 32. Rge3 Rd1 33.
Qb3+ Rd5 34. Re6 Qd7 35. Re7 Qf5 36. R7e5 Qxf2+ 37. Kh1 c6 38. Qxb7 Rxe5 0-1

[Event "19. Obert Int. Sant Marti 2017 - B"]
[Site "Barcelona ESP"]
[Date "2017.07.15"]
[Round "3.12"]
[White "Valero Recalde, Pablo"]
[Black "Mota, Pankit"]
[Result "0-1"]
[WhiteElo "1730"]
[BlackElo "1859"]
[PlyCount "54"]
[EventDate "2017.07.13"]
[EventType "swiss"]
[EventRounds "9"]
[EventCountry "ESP"]
[SourceTitle "Ajedrez en Madrid"]
[Source "lmi"]
[SourceDate "2017.07.13"]
[SourceVersion "1"]
[SourceVersionDate "2019.06.21"]
[SourceQuality "1"]

1. d4 d5 2. c4 c6 3. Nf3 Nf6 4. e3 Bf5 5. Nc3 e6 6. Nh4 Bg6 7. Bd2 Bh5 8. Nf3
Nbd7 9. cxd5 exd5 10. Ne2 Qb6 11. Bc3 Ne4 12. Qb3 Bd6 13. Ng3 Nxg3 14. hxg3 Bg6
15. Qxb6 axb6 16. Be2 b5 17. Nh4 Be4 18. Bf3 b4 19. Bd2 Bd3 20. Be2 Be4 21. Bf3
g6 22. Bxe4 dxe4 23. g4 O-O 24. f3 Rfe8 25. Ke2 Nf6 26. g5 Nh5 27. g4 Ng3+ 0-1

[Event "19. Obert Int. Sant Marti 2017 - B"]
[Site "Barcelona ESP"]
[Date "2017.07.15"]
[Round "3.13"]
[White "Delgadillo Torrico, Felipe"]
[Black "Aarav, Dengla"]
[Result "1/2-1/2"]
[WhiteElo "1943"]
[BlackElo "1177"]
[PlyCount "72"]
[EventDate "2017.07.13"]
[EventType "swiss"]
[EventRounds "9"]
[EventCountry "ESP"]
[SourceTitle "Ajedrez en Madrid"]
[Source "lmi"]
[SourceDate "2017.07.13"]
[SourceVersion "1"]
[SourceVersionDate "2019.06.21"]
[SourceQuality "1"]

1. d4 d5 2. Nf3 Nf6 3. Bf4 c5 4. e3 Nc6 5. c3 e6 6. Nbd2 Be7 7. Bd3 Bd7 8. Ne5
c4 9. Bc2 b5 10. O-O O-O 11. a3 h6 12. e4 Rc8 13. Re1 Nxe5 14. dxe5 Nxe4 15.
Nxe4 dxe4 16. Bxe4 Bc6 17. Bxc6 Rxc6 18. Qf3 Rc7 19. Rad1 Rd7 20. Rxd7 Qxd7 21.
Rd1 Qc7 22. h3 Rd8 23. Rxd8+ Bxd8 24. Qa8 Kh7 25. Be3 a5 26. Qe4+ Kg8 27. Qa8
Kh7 28. Qe4+ Kg8 29. f4 g6 30. g4 Qd7 31. Bd4 a4 32. Kg2 Kh7 33. Qa8 Be7 34.
Kf3 b4 35. axb4 Bxb4 36. f5 a3 1/2-1/2

[Event "19. Obert Int. Sant Marti 2017 - B"]
[Site "Barcelona ESP"]
[Date "2017.07.15"]
[Round "3.14"]
[White "Flemming, Klaus"]
[Black "Morais Carreras, Javier"]
[Result "0-1"]
[WhiteElo "1766"]
[BlackElo "1925"]
[PlyCount "88"]
[EventDate "2017.07.13"]
[EventType "swiss"]
[EventRounds "9"]
[EventCountry "ESP"]
[SourceTitle "Ajedrez en Madrid"]
[Source "lmi"]
[SourceDate "2017.07.13"]
[SourceVersion "1"]
[SourceVersionDate "2019.06.21"]
[SourceQuality "1"]

1. Nf3 d5 2. d4 Nf6 3. c4 e6 4. Nc3 Be7 5. Bg5 O-O 6. e3 c6 7. Bd3 Nbd7 8. cxd5
exd5 9. O-O Re8 10. Qc2 Nf8 11. h3 Ng6 12. h4 Nh5 13. Bxe7 Qxe7 14. Bf5 Qf6 15.
Bxg6 fxg6 16. Qb3 Kh8 17. Rae1 b6 18. Qa4 Rf8 19. Ne5 b5 20. Qb4 a5 21. Qc5 b4
22. Ne2 Ba6 23. Nd7 Qf7 24. Nxf8 Rxf8 25. Qxa5 Bxe2 26. Rxe2 Ng3 27. Ree1 Nxf1
28. Rxf1 Qe7 29. a3 Qxh4 30. Qxb4 Qf6 31. Qd2 g5 32. Rc1 g4 33. Rc5 g3 34. Rc2
h5 35. Qe1 h4 36. f4 Re8 37. Qc1 Re6 38. Rc3 Qf5 39. Qd1 h3 40. gxh3 Qxh3 41.
Qf3 Qh2+ 42. Kf1 Qxb2 43. Rd3 Rh6 44. Qg2 Qb1+ 0-1

[Event "19. Obert Int. Sant Marti 2017 - B"]
[Site "Barcelona ESP"]
[Date "2017.07.15"]
[Round "3.15"]
[White "Gallego Montes, Antoni"]
[Black "Gimenez Canadas, Carlos"]
[Result "1-0"]
[WhiteElo "1908"]
[BlackElo "1764"]
[PlyCount "53"]
[EventDate "2017.07.13"]
[EventType "swiss"]
[EventRounds "9"]
[EventCountry "ESP"]
[SourceTitle "Ajedrez en Madrid"]
[Source "lmi"]
[SourceDate "2017.07.13"]
[SourceVersion "1"]
[SourceVersionDate "2019.06.21"]
[SourceQuality "1"]

1. e4 c5 2. Nf3 Nc6 3. c3 Nf6 4. e5 Nd5 5. Bc4 Nb6 6. Bb3 d5 7. d4 e6 8. O-O
cxd4 9. cxd4 Be7 10. Nc3 O-O 11. Bc2 f6 12. Qd3 f5 13. a3 Bd7 14. g4 Qe8 15.
Kh1 g6 16. Bh6 Rf7 17. Rg1 Bf8 18. gxf5 Rxf5 19. Bxf8 Rxf8 20. Ng5 Ne7 21. Qh3
Rxf2 22. Qxh7+ Kf8 23. Qh8+ Ng8 24. Raf1 Rxf1 25. Rxf1+ Ke7 26. Qg7+ Kd8 27.
Rf8 1-0

[Event "19. Obert Int. Sant Marti 2017 - B"]
[Site "Barcelona ESP"]
[Date "2017.07.15"]
[Round "3.16"]
[White "Cano Sevilla, Ivan"]
[Black "Calafell Marques, Jose"]
[Result "0-1"]
[WhiteElo "1904"]
[BlackElo "1762"]
[PlyCount "54"]
[EventDate "2017.07.13"]
[EventType "swiss"]
[EventRounds "9"]
[EventCountry "ESP"]
[SourceTitle "Ajedrez en Madrid"]
[Source "lmi"]
[SourceDate "2017.07.13"]
[SourceVersion "1"]
[SourceVersionDate "2019.06.21"]
[SourceQuality "1"]

1. b4 e5 2. Bb2 Bxb4 3. Bxe5 Nf6 4. c4 Nc6 5. Bb2 O-O 6. Nf3 d6 7. e3 Re8 8.
Be2 Ne5 9. O-O c6 10. d4 Nxf3+ 11. Bxf3 d5 12. cxd5 Nxd5 13. Qb3 Bd6 14. g3 Bh3
15. Bg2 Bxg2 16. Kxg2 Qd7 17. Nd2 Re6 18. e4 Rh6 19. exd5 Qh3+ 20. Kf3 Re8 21.
Ne4 Qf5+ 22. Kg2 Rxe4 23. Qxb7 Qh3+ 24. Kf3 Qg4+ 25. Kg2 Rxh2+ 26. Kg1 Qh3 27.
Qc8+ Qxc8 0-1

[Event "19. Obert Int. Sant Marti 2017 - B"]
[Site "Barcelona ESP"]
[Date "2017.07.15"]
[Round "3.17"]
[White "Muhammad, Qasim"]
[Black "Pereda Villalba, Julian"]
[Result "1/2-1/2"]
[WhiteElo "1899"]
[BlackElo "1719"]
[PlyCount "36"]
[EventDate "2017.07.13"]
[EventType "swiss"]
[EventRounds "9"]
[EventCountry "ESP"]
[SourceTitle "Ajedrez en Madrid"]
[Source "lmi"]
[SourceDate "2017.07.13"]
[SourceVersion "1"]
[SourceVersionDate "2019.06.21"]
[SourceQuality "1"]

1. e4 c5 2. Nf3 Nc6 3. d4 cxd4 4. Nxd4 d6 5. Nc3 Nf6 6. Be2 g6 7. Be3 Bg7 8.
Nb3 Bd7 9. O-O Ne5 10. f4 Nc6 11. a4 O-O 12. Kh1 Qc8 13. Nd4 Bg4 14. Nf3 Rd8
15. h3 Bxh3 16. gxh3 Qxh3+ 17. Kg1 Qg3+ 18. Kh1 Qh3+ 1/2-1/2

[Event "19. Obert Int. Sant Marti 2017 - B"]
[Site "Barcelona ESP"]
[Date "2017.07.15"]
[Round "3.18"]
[White "Nilesh, Jindal"]
[Black "Colom Andres, Xavier"]
[Result "1/2-1/2"]
[WhiteElo "1722"]
[BlackElo "1874"]
[PlyCount "66"]
[EventDate "2017.07.13"]
[EventType "swiss"]
[EventRounds "9"]
[EventCountry "ESP"]
[SourceTitle "Ajedrez en Madrid"]
[Source "lmi"]
[SourceDate "2017.07.13"]
[SourceVersion "1"]
[SourceVersionDate "2019.06.21"]
[SourceQuality "1"]

1. d4 d5 2. c4 c6 3. Nf3 Nf6 4. Nc3 e6 5. g3 dxc4 6. Bg2 Nbd7 7. O-O Bd6 8. e4
e5 9. dxe5 Nxe5 10. Nxe5 Bxe5 11. Qe2 Qd3 12. Qxd3 cxd3 13. Rd1 Be6 14. Rxd3
Rd8 15. Rxd8+ Kxd8 16. Be3 b6 17. h3 Kc7 18. f4 Bxc3 19. bxc3 Rd8 20. Bd4 Ne8
21. a4 c5 22. Be5+ Kc6 23. f5 Bc4 24. Bf4 Rd3 25. e5+ Kd7 26. Rc1 Bb3 27. Bf1
Rd1 28. Rxd1+ Bxd1 29. Bb5+ Ke7 30. a5 Nc7 31. axb6 axb6 32. Bc6 Bb3 33. e6 Nd5
1/2-1/2

[Event "19. Obert Int. Sant Marti 2017 - B"]
[Site "Barcelona ESP"]
[Date "2017.07.15"]
[Round "3.19"]
[White "Gonzalez Lafita, Oscar"]
[Black "Del Valle, Clemence"]
[Result "0-1"]
[WhiteElo "1867"]
[BlackElo "1759"]
[PlyCount "98"]
[EventDate "2017.07.13"]
[EventType "swiss"]
[EventRounds "9"]
[EventCountry "ESP"]
[SourceTitle "Ajedrez en Madrid"]
[Source "lmi"]
[SourceDate "2017.07.13"]
[SourceVersion "1"]
[SourceVersionDate "2019.06.21"]
[SourceQuality "1"]

1. d4 d5 2. c4 e6 3. Nc3 Nf6 4. cxd5 exd5 5. Bg5 Be7 6. e3 c6 7. Qc2 h6 8. Bf4
Bd6 9. Bxd6 Qxd6 10. Bd3 O-O 11. Nf3 Re8 12. O-O Nbd7 13. Rab1 a5 14. a3 Qe7
15. Nd2 Nf8 16. b4 axb4 17. axb4 Ne6 18. b5 c5 19. dxc5 Nxc5 20. Be2 Be6 21.
Nf3 Rec8 22. Qb2 Bf5 23. Ra1 Nce4 24. Rxa8 Rxa8 25. Nd4 Bg6 26. Rc1 Nxc3 27.
Qxc3 Ne4 28. Qb3 Qh4 29. g3 Qg5 30. Nf3 Qf5 31. Qd1 Bh5 32. Kg2 Bg4 33. Qe1 Ra2
34. Nd4 Bh3+ 35. Kg1 Qf6 36. f3 Nd6 37. Rc2 Ra3 38. Qc1 Ra8 39. Rc5 Qe5 40. f4
Qe4 41. Bf3 Qd3 42. Rc3 Qg6 43. Bxd5 Ne4 44. Rc2 Re8 45. Rc7 Nd6 46. Bg2 Bxg2
47. Kxg2 Qe4+ 48. Kf2 Qd3 49. Rc3 Ne4+ 0-1

[Event "19. Obert Int. Sant Marti 2017 - B"]
[Site "Barcelona ESP"]
[Date "2017.07.15"]
[Round "3.20"]
[White "Poyato Ruiz, Fernando"]
[Black "Bes Alvarez, Alex"]
[Result "1-0"]
[WhiteElo "1863"]
[BlackElo "1620"]
[PlyCount "51"]
[EventDate "2017.07.13"]
[EventType "swiss"]
[EventRounds "9"]
[EventCountry "ESP"]
[SourceTitle "Ajedrez en Madrid"]
[Source "lmi"]
[SourceDate "2017.07.13"]
[SourceVersion "1"]
[SourceVersionDate "2019.06.21"]
[SourceQuality "1"]

1. d4 d5 2. c4 e6 3. Nc3 Nf6 4. Bg5 Be7 5. e3 O-O 6. Nf3 b6 7. cxd5 exd5 8. Rc1
Bb7 9. Bd3 h6 10. Bh4 Nbd7 11. O-O c5 12. Re1 Ne4 13. Bxe7 Qxe7 14. Nd2 Nef6
15. Nf3 Rfe8 16. Bb1 Rac8 17. Qd3 g6 18. Ne2 Ne4 19. Nf4 Ndf6 20. Ne5 c4 21.
Qc2 g5 22. Ne2 Nd7 23. Ng4 Kg7 24. f3 Nef6 25. Ng3 Rh8 26. Nf5+ 1-0

[Event "19. Obert Int. Sant Marti 2017 - B"]
[Site "Barcelona ESP"]
[Date "2017.07.15"]
[Round "3.21"]
[White "Vicente Soriano, Josep"]
[Black "Martinez Hernandez, Emili"]
[Result "1/2-1/2"]
[WhiteElo "1698"]
[BlackElo "1823"]
[PlyCount "47"]
[EventDate "2017.07.13"]
[EventType "swiss"]
[EventRounds "9"]
[EventCountry "ESP"]
[SourceTitle "Ajedrez en Madrid"]
[Source "lmi"]
[SourceDate "2017.07.13"]
[SourceVersion "1"]
[SourceVersionDate "2019.06.21"]
[SourceQuality "1"]

1. e4 e6 2. d4 d5 3. exd5 exd5 4. Nf3 Bd6 5. Bd3 Qe7+ 6. Be3 Bf4 7. Qe2 Bxe3 8.
Qxe3 Qxe3+ 9. fxe3 Nf6 10. Nc3 c6 11. O-O O-O 12. Rae1 Nbd7 13. e4 dxe4 14.
Nxe4 Nxe4 15. Bxe4 Nf6 16. Bd3 Nd5 17. c3 Be6 18. Ng5 Nc7 19. Bxh7+ Kh8 20.
Nxe6 Nxe6 21. Bc2 g6 22. Bb3 Nd8 23. Re7 Kg7 24. a3 1/2-1/2

[Event "19. Obert Int. Sant Marti 2017 - B"]
[Site "Barcelona ESP"]
[Date "2017.07.15"]
[Round "3.22"]
[White "Martinez Torras, Pol"]
[Black "Bieg Pagel, Clemens"]
[Result "1/2-1/2"]
[WhiteElo "1631"]
[BlackElo "1812"]
[PlyCount "131"]
[EventDate "2017.07.13"]
[EventType "swiss"]
[EventRounds "9"]
[EventCountry "ESP"]
[SourceTitle "Ajedrez en Madrid"]
[Source "lmi"]
[SourceDate "2017.07.13"]
[SourceVersion "1"]
[SourceVersionDate "2019.06.21"]
[SourceQuality "1"]

1. d4 d5 2. Nf3 Nf6 3. c4 e6 4. Nc3 Bb4 5. Bg5 h6 6. Bh4 Nc6 7. e3 g5 8. Bg3
Ne4 9. Qc2 h5 10. h3 Nxg3 11. fxg3 Bd6 12. Qf2 h4 13. gxh4 gxh4 14. O-O-O Bg3
15. Qc2 a6 16. e4 Qd6 17. cxd5 Nb4 18. Qb3 exd5 19. a3 dxe4 20. Nxe4 Qf4+ 21.
Ned2 Nc6 22. Bc4 Na5 23. Qa4+ b5 24. Qxa5 bxc4 25. Qe5+ Qxe5 26. Nxe5 c5 27.
Ndxc4 cxd4 28. Nd6+ Kf8 29. Ndxf7 Rh5 30. Rhf1 Kg7 31. Ng4 Rf5 32. Nfh6 Bf4+
33. Kb1 Bxh6 34. Nxh6 Kxh6 35. Rfe1 Bb7 36. Rxd4 Kh5 37. Re7 Bd5 38. Rh7+ Kg5
39. Rhxh4 Bb3 40. Rdg4+ Kf6 41. Rf4 Rd8 42. Rxf5+ Kxf5 43. g4+ Kg5 44. Rh5+ Kg6
45. Rc5 a5 46. h4 Rd1+ 47. Rc1 Rd4 48. Rc6+ Kg7 49. Rc7+ Kf6 50. g5+ Kg6 51.
Rc6+ Kh5 52. g6 Rd1+ 53. Rc1 Kxg6 54. Rxd1 Bxd1 55. Kc1 Bb3 56. Kd2 Kh5 57. Kc1
Kxh4 58. Kb1 a4 59. Ka1 Kg3 60. Kb1 Kf3 61. Ka1 Ke2 62. Kb1 Kd2 63. Ka1 Kd3 64.
Kb1 Kc4 65. Ka1 Bd1 66. Kb1 1/2-1/2

[Event "19. Obert Int. Sant Marti 2017 - B"]
[Site "Barcelona ESP"]
[Date "2017.07.15"]
[Round "3.23"]
[White "Gibert Juan, Ramon"]
[Black "Robaina Bordon, Hector"]
[Result "0-1"]
[WhiteElo "1580"]
[BlackElo "1805"]
[PlyCount "84"]
[EventDate "2017.07.13"]
[EventType "swiss"]
[EventRounds "9"]
[EventCountry "ESP"]
[SourceTitle "Ajedrez en Madrid"]
[Source "lmi"]
[SourceDate "2017.07.13"]
[SourceVersion "1"]
[SourceVersionDate "2019.06.21"]
[SourceQuality "1"]

1. d4 d5 2. Nf3 Nf6 3. h3 Bf5 4. c4 c6 5. e3 e6 6. cxd5 exd5 7. Be2 Nbd7 8. O-O
Bd6 9. Bd3 Ne4 10. Nc3 Ndf6 11. Ne5 Bxe5 12. dxe5 Nxc3 13. bxc3 Bxd3 14. Qxd3
Nd7 15. f4 O-O 16. Ba3 Re8 17. Rad1 Nb6 18. Rf3 Nc4 19. Bc1 f6 20. exf6 Qxf6
21. Rg3 Re4 22. Qc2 Rae8 23. Re1 Rxf4 24. Kh2 Rf2 25. Qb1 b6 26. Qd3 Re4 27.
Kg1 Rf5 28. a4 Qd6 29. Rg4 Ne5 30. Qc2 Nxg4 31. hxg4 Qg3 32. Re2 Qxg4 33. a5
bxa5 34. Ba3 Qg3 35. Bc5 Rh5 36. Rf2 h6 37. c4 Rh2 38. cxd5 Rxg2+ 39. Kf1 Rxf2+
40. Qxf2 Qxf2+ 41. Kxf2 cxd5 42. Bxa7 Kf7 0-1

[Event "19. Obert Int. Sant Marti 2017 - B"]
[Site "Barcelona ESP"]
[Date "2017.07.15"]
[Round "3.24"]
[White "Llombart Baiges, Jaime"]
[Black "Chandrasekhar, M K."]
[Result "1/2-1/2"]
[WhiteElo "1622"]
[BlackElo "1794"]
[PlyCount "54"]
[EventDate "2017.07.13"]
[EventType "swiss"]
[EventRounds "9"]
[EventCountry "ESP"]
[SourceTitle "Ajedrez en Madrid"]
[Source "lmi"]
[SourceDate "2017.07.13"]
[SourceVersion "1"]
[SourceVersionDate "2019.06.21"]
[SourceQuality "1"]

1. e4 d5 2. exd5 Qxd5 3. Nc3 Qd6 4. Nf3 c6 5. d3 Nf6 6. Be2 Bf5 7. O-O Nbd7 8.
Be3 e6 9. Qd2 Qc7 10. a3 Bd6 11. g3 Ne5 12. Bg5 Ned7 13. Nh4 O-O-O 14. Bf3 h6
15. Bxf6 Nxf6 16. Ne2 g5 17. Nxf5 exf5 18. Qc3 Nd7 19. Rad1 h5 20. Qg7 Ne5 21.
Bg2 Rdg8 22. Qf6 Qd7 23. Nd4 f4 24. Rfe1 Ng4 25. Qf5 Qxf5 26. Nxf5 Kd7 27. Bh3
Kc7 1/2-1/2

[Event "19. Obert Int. Sant Marti 2017 - B"]
[Site "Barcelona ESP"]
[Date "2017.07.15"]
[Round "3.26"]
[White "Moreno Oller, Victor"]
[Black "Vives Cabau, Jordi"]
[Result "0-1"]
[WhiteElo "1730"]
[BlackElo "1930"]
[PlyCount "48"]
[EventDate "2017.07.13"]
[EventType "swiss"]
[EventRounds "9"]
[EventCountry "ESP"]
[SourceTitle "Ajedrez en Madrid"]
[Source "lmi"]
[SourceDate "2017.07.13"]
[SourceVersion "1"]
[SourceVersionDate "2019.06.21"]
[SourceQuality "1"]

1. d4 f5 2. Bg5 c6 3. Nd2 Qa5 4. c3 h6 5. Nb3 Qc7 6. Bd2 Nf6 7. g3 d6 8. Bg2 a5
9. e3 a4 10. Nc1 e5 11. Nge2 Be6 12. O-O Nbd7 13. Nd3 Be7 14. Ne1 Bc4 15. Nf3
O-O 16. Nh4 Ne4 17. Nxf5 Rxf5 18. Bxe4 Rf6 19. b3 axb3 20. axb3 Rxa1 21. Qxa1
Bxe2 22. Re1 Bf3 23. Bxf3 Rxf3 24. Qd1 e4 0-1

[Event "19. Obert Int. Sant Marti 2017 - B"]
[Site "Barcelona ESP"]
[Date "2017.07.15"]
[Round "3.27"]
[White "Costa Trave, Jaume"]
[Black "Torres Julian, Marc"]
[Result "0-1"]
[WhiteElo "1922"]
[BlackElo "1723"]
[PlyCount "82"]
[EventDate "2017.07.13"]
[EventType "swiss"]
[EventRounds "9"]
[EventCountry "ESP"]
[SourceTitle "Ajedrez en Madrid"]
[Source "lmi"]
[SourceDate "2017.07.13"]
[SourceVersion "1"]
[SourceVersionDate "2019.06.21"]
[SourceQuality "1"]

1. d4 Nf6 2. Nc3 g6 3. e4 d6 4. Bf4 Bg7 5. f3 O-O 6. Bc4 c5 7. d5 a6 8. a4 Nbd7
9. a5 b5 10. axb6 Nxb6 11. Bd3 Nfd7 12. Nh3 Ne5 13. Nf2 Nbc4 14. Na4 Rb8 15. b3
Nb6 16. Nxb6 Qxb6 17. Ra4 Nxd3+ 18. Qxd3 Qb5 19. O-O Bd4 20. Rd1 Qxd3 21. Rxd3
Bd7 22. Ra2 Bb5 23. c4 Bxc4 24. Rxd4 Bxb3 25. Rad2 cxd4 26. Ng4 h5 27. Nh6+ Kg7
28. g4 e5 29. dxe6 fxe6 30. Bg5 e5 31. f4 Rh8 32. fxe5 dxe5 33. Rf2 Rxh6 34.
Bf6+ Kg8 35. Bxe5 Rd8 36. g5 Rh7 37. Rf6 Rg7 38. Rxa6 d3 39. Bxg7 Kxg7 40. Ra7+
Kg8 41. Ra6 d2 0-1

[Event "19. Obert Int. Sant Marti 2017 - B"]
[Site "Barcelona ESP"]
[Date "2017.07.15"]
[Round "3.29"]
[White "Romero Funieles, Rafael"]
[Black "Viera Falcon, Cristo"]
[Result "0-1"]
[WhiteElo "1683"]
[BlackElo "1889"]
[PlyCount "74"]
[EventDate "2017.07.13"]
[EventType "swiss"]
[EventRounds "9"]
[EventCountry "ESP"]
[SourceTitle "Ajedrez en Madrid"]
[Source "lmi"]
[SourceDate "2017.07.13"]
[SourceVersion "1"]
[SourceVersionDate "2019.06.21"]
[SourceQuality "1"]

1. e4 d5 2. Nc3 dxe4 3. Nxe4 e5 4. d3 Nc6 5. c3 f5 6. Bg5 Qd5 7. c4 Qf7 8. Nc3
f4 9. Bh4 Bc5 10. f3 Qh5 11. Bf2 Bxf2+ 12. Kxf2 Qh4+ 13. Ke2 Be6 14. Ne4 O-O-O
15. Qa4 Nf6 16. Kd2 Nxe4+ 17. fxe4 Qf2+ 18. Kc3 Nd4 19. h4 a6 20. Nf3 Bd7 21.
Qd1 b5 22. Nxd4 Qxd4+ 23. Kc2 bxc4 24. Qf3 Ba4+ 25. Kb1 cxd3 26. b3 Qc3 27. Qd1
Bc6 28. Qc1 Qxc1+ 29. Kxc1 Bxe4 30. Kb2 Kb7 31. Rd1 Rhe8 32. Rh3 Bf5 33. Rh2 e4
34. Kc3 e3 35. Bxd3 Bxd3 36. Rxd3 Rxd3+ 37. Kxd3 e2 0-1

[Event "19. Obert Int. Sant Marti 2017 - B"]
[Site "Barcelona ESP"]
[Date "2017.07.15"]
[Round "3.30"]
[White "Valbuena Castro, Gregorio"]
[Black "Garcia Quevedo, Jose"]
[Result "0-1"]
[WhiteElo "1682"]
[BlackElo "1882"]
[PlyCount "62"]
[EventDate "2017.07.13"]
[EventType "swiss"]
[EventRounds "9"]
[EventCountry "ESP"]
[SourceTitle "Ajedrez en Madrid"]
[Source "lmi"]
[SourceDate "2017.07.13"]
[SourceVersion "1"]
[SourceVersionDate "2019.06.21"]
[SourceQuality "1"]

1. e4 c5 2. b4 cxb4 3. d4 e6 4. Nf3 Nf6 5. Bd3 Nc6 6. a3 d5 7. e5 Ne4 8. O-O
Be7 9. axb4 Nxb4 10. Bxe4 dxe4 11. Ne1 Bd7 12. c3 Na6 13. Qg4 g6 14. f3 f5 15.
exf6 Bxf6 16. fxe4 e5 17. Qf3 O-O 18. Ba3 Be7 19. Qg3 Rxf1+ 20. Kxf1 Bb5+ 21.
Kg1 exd4 22. Qe5 Bxa3 23. Nxa3 Bc6 24. cxd4 Qf8 25. d5 Bd7 26. Nf3 Re8 27. Qd4
Bg4 28. Qxa7 Bxf3 29. gxf3 Qxf3 30. Qxb7 Qe3+ 31. Kh1 Qxe4+ 0-1

[Event "19. Obert Int. Sant Marti 2017 - B"]
[Site "Barcelona ESP"]
[Date "2017.07.15"]
[Round "3.31"]
[White "Aguilera Campana, Antonio"]
[Black "Husson, Cybele"]
[Result "1/2-1/2"]
[WhiteElo "1674"]
[BlackElo "1870"]
[PlyCount "81"]
[EventDate "2017.07.13"]
[EventType "swiss"]
[EventRounds "9"]
[EventCountry "ESP"]
[SourceTitle "Ajedrez en Madrid"]
[Source "lmi"]
[SourceDate "2017.07.13"]
[SourceVersion "1"]
[SourceVersionDate "2019.06.21"]
[SourceQuality "1"]

1. e4 b6 2. f4 Bb7 3. Nc3 e6 4. Nf3 Bb4 5. d3 Bxc3+ 6. bxc3 Ne7 7. Be2 d6 8.
O-O Nd7 9. Bb2 d5 10. e5 Nc5 11. a4 Qd7 12. Ba3 Nxa4 13. Qd2 c5 14. d4 a6 15.
Rfb1 Bc6 16. Ne1 Qa7 17. Ra2 b5 18. Nf3 O-O 19. Rba1 Rfc8 20. h3 Be8 21. Kh2
cxd4 22. cxd4 Nc6 23. Bb4 Qc7 24. Bd6 Qa5 25. Qxa5 Nxa5 26. Bb4 Nc4 27. Bxc4
Rxc4 28. Ba5 Bc6 29. c3 Bb7 30. Rc2 Rc6 31. Nd2 Rac8 32. Rac1 Nb6 33. Bxb6 Rxb6
34. Nb3 Kf8 35. Nc5 Ke7 36. Ra1 Ra8 37. Rb2 a5 38. Na4 Rba6 39. Nc5 Rb6 40. Na4
Rba6 41. Nc5 1/2-1/2